Vector analysis with applications (Record no. 5838)

000 -LEADER
fixed length control field 00528nam a22002051 4500
001 - CONTROL NUMBER
control field 5838
003 - CONTROL NUMBER IDENTIFIER
control field BD-DhUET
008 - FIXED-LENGTH DATA ELEMENTS--GENERAL INFORMATION
fixed length control field 861017s1932 enka 000 0 eng c
020 ## - INTERNATIONAL STANDARD BOOK NUMBER
International Standard Book Number 8122405487
040 ## - CATALOGING SOURCE
Original cataloging agency DLC/ICU
Transcribing agency CGU
Modifying agency BD-DhUET
082 0# - DEWEY DECIMAL CLASSIFICATION NUMBER
Classification number 516.83
Item number ALI/1993
100 ## - MAIN ENTRY--PERSONAL NAME
Personal name Ali Ashraf, Md.
245 10 - TITLE STATEMENT
Title Vector analysis with applications
250 ## - EDITION STATEMENT
Edition statement 3rd ed.
260 ## - PUBLICATION, DISTRIBUTION, ETC. (IMPRINT)
Place of publication, distribution, etc. New Delhi
Name of publisher, distributor, etc. Wiley Eastern
Date of publication, distribution, etc. 1993
300 ## - PHYSICAL DESCRIPTION
Extent xv,308p.
Other physical details ill.
Dimensions 23 cm.
504 ## - BIBLIOGRAPHY, ETC. NOTE
Bibliography, etc Includes bibliographies
650 #0 - SUBJECT ADDED ENTRY--TOPICAL TERM
Topical term or geographic name as entry element Vector analysis
942 ## - ADDED ENTRY ELEMENTS (KOHA)
Koha item type General Book
Holdings
Copy number Koha date last seen Koha date last borrowed Koha full call number Not for loan Price effective from Shelving location Koha item type Withdrawn status Koha renewals Koha issues (times borrowed) Piece designation (barcode) Sublocation or collection (holding branch) Source of classification or shelving scheme Koha out on loan Lost status Damaged status Location (home branch) Date acquired Koha normalized classification for sorting
82022-12-132022-12-13516.83/ALI/1993 2014-11-29Circulation sectionGeneral Book  387531Central Library, BUET 2022-12-27  Central Library, BUET2014-11-29516_830000000000000_ALI_1993
22025-05-132025-04-29516.83/ALI/1998 2014-12-21Circulation sectionGeneral Book 11387528Central Library, BUET    Central Library, BUET2014-12-21516_830000000000000_ALI_1998
32016-04-02 516.83/ALI/1998 2015-01-27Circulation sectionGeneral Book   87530Central Library, BUET    Central Library, BUET2015-01-27516_830000000000000_ALI_1998
42025-11-302022-12-13516.83/ALI/1998 2015-01-31Circulation sectionGeneral Book  648783Central Library, BUET    Central Library, BUET2015-01-31516_830000000000000_ALI_1998
12020-11-032020-01-05516.83/ALI/1998 2015-02-11Circulation sectionGeneral Book  594102Central Library, BUET    Central Library, BUET2015-02-11516_830000000000000_ALI_1998
72025-11-182024-04-02516.83/ALI/1993 2015-04-11Circulation sectionGeneral Book  887525Central Library, BUET    Central Library, BUET2015-04-11516_830000000000000_ALI_1993
62025-11-292023-09-27516.83/ALI/1993 2015-04-23Circulation sectionGeneral Book  687526Central Library, BUET    Central Library, BUET2015-04-23516_830000000000000_ALI_1993
72022-05-252022-03-30516.83/ALI/1993 2015-05-03Circulation sectionGeneral Book  287529Central Library, BUET    Central Library, BUET2015-05-03516_830000000000000_ALI_1993
92015-06-07 516.83/ALI/1993 2015-06-07Reading sectionReading Item   87550Central Library, BUET    Central Library, BUET2015-06-07516_830000000000000_ALI_1993
102015-06-07 516.83/ALI/1993 2015-06-07Reading sectionReading Item   92374Central Library, BUET    Central Library, BUET2015-06-07516_830000000000000_ALI_1993
122015-06-08 516.83/ALI/1993 2015-06-08Reading sectionReading Item   94100Central Library, BUET    Central Library, BUET2015-06-08516_830000000000000_ALI_1993
132015-06-14 516.83/ALI/1993 2015-06-14Reading sectionReading Item   87551Central Library, BUET    Central Library, BUET2015-06-14516_830000000000000_ALI_1993
142017-03-04 516.83/ALI/1993 2015-09-02Circulation sectionGeneral Book   87527Central Library, BUET    Central Library, BUET2015-09-02516_830000000000000_ALI_1993